Penyakit, perosak dan gangguan terhadap tanaman sentang dan cara-cara mengatasinya

Bibliographic Details
Main Author: MAZIAH Zakaria
Corporate Author: Institut Penyelidikan Perhutanan Malaysia (FRIM)
Other Authors: Mohd Farid Ahmad, Noraini Sikin Yahya
Format: Book
Published: Kuala Lumpur : Institut Penyelidikan Perhutanan Malaysia , 2001
Series:FRIM technical information handbook; n. 30
Subjects:

MARC

LEADER 00000cam a2200000 7i4500
001 0000002088
005 20021007.0
020 0 0 |a 9832181267 
090 0 0 |a FRIM634.956   |b MAZ 2001 
100 0 0 |a MAZIAH Zakaria 
245 1 0 |a Penyakit, perosak dan gangguan terhadap tanaman sentang dan cara-cara mengatasinya   |c oleh Maziah Zakaria, Mohd Farid Ahmad, Noraini Sikin Yahya 
260 0 0 |a Kuala Lumpur :   |b Institut Penyelidikan Perhutanan Malaysia ,   |c 2001 
300 |a 23 p. :   |b col. ill. ;   |c 22 cm. 
440 0 0 |a FRIM technical information handbook; n. 30 
500 0 0 |a Bibliography: p. 20-22 
650 0 0 |a Forests and forestry   |z Malaysia 
650 0 0 |a Plant breeding   |x Diseases and pests   |x Control   |z Malaysia 
700 0 1 |a Mohd Farid Ahmad 
700 0 1 |a Noraini Sikin Yahya 
710 1 1 |a Institut Penyelidikan Perhutanan Malaysia (FRIM) 
998 |a JPSM 
999 |a 0000003481   |b Monograph   |c Open Shelf   |e Default branch 
999 |a 0000004341   |b Monograph   |c Open Shelf   |e Default branch